000 00990nam a22002537a 4500
005 20160104094712.0
010 _aENG-114463
020 _c1075.00
_a9339222229
020 _c1075.00
_a9789339222222
035 _aEN-97995
037 _bDBAD/PUB
082 _a005.133076
100 _aAllen, Paul R.
245 _aOCM Java EE 6 enterprise architect exam guide :
_cby Paul R. Allen [and] Joseph J. Bambara
_bexam IZO-807, IZO-865 & IZO-866 /
260 _aNoida
_bMcGraw Hill Education
_c2014
270 _aB-4, Sector - 63, Gautam Budh Nagar,
_bNoida (UP)
_e201301
300 _axxi,486p. :
_c24cm(pbk)
_bill.
_e1CD-ROM
500 _aIncludes index
650 _a Java (Computer program language)
_xExaminations
_vStudy guides.
650 _aBusiness enterprises
_xComputer networks
_xExaminations
_vStudy guides.
650 _a Electronic data processing personnel
_xCertification.
700 _aBambara, Joseph J.
942 _2ddc
_cEN
_mALL
_h005.133076
999 _c98069
_d98069